Like / (Record no. 137161)

MARC details
000 -CABECERA
campo de control de longitud fija 02247nam a2200337 i 4500
001 - NÚMERO DE CONTROL
campo de control 991061727883106706
003 - IDENTIFICADOR DEL NÚMERO DE CONTROL
campo de control ES-BaIT
005 - FECHA Y HORA DE LA ÚLTIMA TRANSACCIÓN
campo de control 20260227082609.0
008 - DATOS DE LONGITUD FIJA--INFORMACIÓN GENERAL
campo de control de longitud fija 260227e202502 fr r 000 d fre c
020 ## - NÚMERO INTERNACIONAL ESTÁNDAR DEL LIBRO
Número Internacional Estándar del Libro 9782749816845
040 ## - FUENTE DE LA CATALOGACIÓN
Centro catalogador/agencia de origen ES-BaIT
Lengua de catalogación cat
Normas de descripción rda
Centro/agencia transcriptor ES-BaIT
080 ## - NÚMERO DE LA CLASIFICACIÓN DECIMAL UNIVERSAL
Número de la Clasificación Decimal Universal 840-2"19"
100 1# - ENTRADA PRINCIPAL--NOMBRE DE PERSONA
Nombre de persona Calbérac, Ivan,
Fechas asociadas al nombre 1970-
Término indicativo de función/relación autor
9 (RLIN) 168737
245 10 - MENCIÓN DE TÍTULO
Título Like /
Mención de responsabilidad, etc. Ivan Calbérac
264 #1 - PRODUCCIÓN, PUBLICACIÓN, DISTRIBUCIÓN, FABRICACIÓN Y COPYRIGHT
Producción, publicación, distribución, fabricación y copyright Paris :
Nombre del de productor, editor, distribuidor, fabricante L'avant-scène théâtre,
Fecha de producción, publicación, distribución, fabricación o copyright février 2025
300 ## - DESCRIPCIÓN FÍSICA
Extensión 78 pàgines ;
Dimensiones 21 cm
336 ## - TIPO DE CONTENIDO
Término de tipo de contenido text
Código de tipo de contenido txt
Fuente rdacontent
337 ## - TIPO DE MEDIO
Nombre/término del tipo de medio sense mediació
Código del tipo de medio n
Fuente rdamedia
338 ## - TIPO DE SOPORTE
Nombre/término del tipo de soporte volum
Código del tipo de soporte nc
Fuente rdacarrier
490 1# - MENCIÓN DE SERIE
Mención de serie L'Avant-scène théatre ;
Designación de volumen o secuencia no 1572
500 ## - NOTA GENERAL
Nota general P10: D1, H9 i altres en P3: D1, H2
500 ## - NOTA GENERAL
Nota general Publicat com no 1572 (février 2025) de la revista L'Avant-scène théâtre
500 ## - NOTA GENERAL
Nota general Estrena en el Théâtre des Béliers (Avignon), el 6 de juliol de 2024
520 ## - SUMARIO, ETC.
Sumario, etc. "Prof de yoga timide, terrorisée à l'idée de poster une photo d'elle sur les résaux sociaux, Lou se retrouve contraite d'y créer un profil afin de faire grossir les rangs de ses cours. Contre toute attente, elle prend goût à cette nouvelle vie virtuelle et n'hésite pas à tout mettre en uvre pour répondre aux normes de cet univers. Elle se lance alors dans une course frénétique aux likes qui va bouleverser sa vie et celle de son couple. Le comique et le tragique s'enchaînent : jusqu'où peut-on aller pour conserver l'attention volatile mais si réconfortante de followers inconnus?. Après les triomphes de La Dégustation (quatre nominations et Molière de la meilleure comédie) et de Glenn, naissance d'un prodige (six nominations et deux Molières, dont Lison Pennec en Révélation Féminine), la nouvelle création d'Ivan Calbérac entraîne le lecteur et le spectateur dans l'histoire d'un couple plein d'espoirs mais en prise avec ses déséquilibres intérieurs, entre narcissisme, addiction et paranoïa - les grands fléaux de notre société contemporaine?"-- Contracoberta
650 #0 - PUNTO DE ACCESO ADICIONAL DE MATERIA--TÉRMINO DE MATERIA
Término de materia o nombre geográfico como elemento de entrada Xarxes socials
Subdivisión de forma Textos dramàtics
9 (RLIN) 168738
650 #0 - PUNTO DE ACCESO ADICIONAL DE MATERIA--TÉRMINO DE MATERIA
Término de materia o nombre geográfico como elemento de entrada Parelles
Subdivisión de forma Textos dramàtics
9 (RLIN) 168181
830 ## - PUNTO DE ACCESO ADICIONAL DE SERIE-TÍTULO UNIFORME
Título uniforme Avant-scène.
Nombre de parte o sección de la obra Théâtre
Designación de volumen o secuencia no 1572
9 (RLIN) 168170
908 ## - COLOCAR PARÁMETRO DE COMANDO (RLIN)
Colocar parámetro de comando CDMAE
940 ## - EQUIVALENCIA O REFERENCIA-CRUZADA--TÍTULO UNIFORME [OBSOLETO] [solamente CAN/MARC]
Título uniforme <a href="CDMAE">CDMAE</a>
942 ## - ELEMENTOS DE ENTRADA AGREGADA (KOHA)
Fuente del sistema de clasificación o colocación Clasificación decimal universal
Tipo de ítem Koha Llibre
Holdings
Estado de retiro Estado de pérdida Fuente del sistema de clasificación o colocación Estado dañado No para préstamo Localización permanente Ubicación/localización actual Ubicación en estantería Fecha de adquisición Fuente de adquisición Total de préstamos Signatura topográfica completa Código de barras Fecha visto por última vez Precio válido a partir de Tipo de ítem Koha
    Clasificación decimal universal     Biblioteca Barcelona Biblioteca Barcelona BCN Magatzem Revistes 27/02/2026 Compra   S 143-06 1900089883 27/02/2026 27/02/2026 Llibre

Powered by Koha